| 000 | 00613nam a2200241 a 4500 | ||
|---|---|---|---|
| 003 | AR-BaBNM | ||
| 005 | 20251128210701.0 | ||
| 008 | 082120s2002 ||||||||||||||000 | spa|| | ||
| 040 | _cAR-BaBNM | ||
| 100 | 1 | _aRostand, Edmond | |
| 245 | 0 | 0 | _aCyrano de Bergerac |
| 260 |
_aBuenos Aires _bEdiciones Siglo Veinte _c1952 |
||
| 300 | _a202 p. | ||
| 650 | 4 | _aLITERATURA FRANCESA | |
| 650 | 4 | _aTEATRO | |
| 650 | 4 | _aSIGLO DIECINUEVE | |
| 655 | _aLITERATURA | ||
| 700 | 1 |
_aVía, L. _etraductor |
|
| 700 | 1 |
_aOriol Martí, J. _etraductor |
|
| 700 | 1 |
_aTintorer, E. _etraductor |
|
| 942 | _cBK | ||
| 998 | _cMARTIN | ||
| 999 |
_c16426 _d16426 |
||